| 000 | 00454nam a2200109Ia 4500 | ||
|---|---|---|---|
| 008 | 171212s9999 xx 000 0 und d | ||
| 100 | _aDaugherty, Lindsay;Phillips, Andrea;Pane, John F.;Karam, Rita | ||
| 245 |
_cDaugherty, Lindsay;Phillips, Andrea;Pane, John F.;Karam, Rita _aAnalysis of Costs in an Algebra I Curriculum Effectiveness Study |
||
| 260 |
_bRAND Corporation _c2012 |
||
| 650 | _aEducation | ||
| 856 | _uwww.jstor.org/stable/10.7249/j.ctt3fh060 | ||
| 999 |
_c351735 _d351735 |
||